| 000 | 00600 a2200193 4500 | ||
|---|---|---|---|
| 001 | 065738 | ||
| 003 | OSt | ||
| 005 | 20210903125517.0 | ||
| 008 | |||
| 020 | _a9788126518531 | ||
| 082 |
_a519.2 _bT73P |
||
| 100 | 1 | _aTrivedi, Kishore S. | |
| 245 | 1 |
_aProbability and statistics with reliability queueing and computer science _cby Kishore S. Trivedi |
|
| 250 | _a2nd ed. | ||
| 260 |
_aNew Delhi _bWiley India _c2008 |
||
| 300 | _a830p. | ||
| 690 | _aProbabilities--Data processing; Mathematical statistics--Data processing; Computer algorithms | ||
| 942 |
_2ddc _cBK |
||
| 999 |
_c110 _d110 |
||